00413nam a22001337a 4500008004100000020001800041050002200059100001800081245006000099260005800159300002200217650002100239650001900260151027b xxu||||| |||| 00| 0 eng d a9789966462430 aPL 8704 .K56 1985 aKarama, Said. aSanaa ya umalenga :cSaid Karamabmashairi ya mafunzo / aNairobi :bEast Africa Educational Publishers,c1985. aiv, 76p. ;c17cm. aSwahili language aSwahili poetry